Agatha Christie or Sherlock Holmes? Quiz Stats

 Plays Quiz Updated Dec 12, 2019

Support Sporcle.
Go Orange.
Score 0/28 Timer 03:00
1 Play Today
Title Agatha (C)hristie or Sherlock (H)olmes? % Correct
Murder on the Orient Express???
89.1%
Death on the Nile???
88.2%
The Hound of the Baskervilles???
87.3%
And Then There Were None???
87.1%
The A. B. C. Murders???
82.9%
Five Little Pigs???
82.4%
A Study in Scarlet???
82.1%
A Murder is Announced???
82.1%
The Mirror Crack’d???
81.5%
The Murder at the Vicarage???
79.9%
The Body in the Library???
79.5%
The Murder of Roger Ackroyd???
79.5%
Death in the Clouds???
79%
A Scandal in Bohemia???
78.4%
Title Agatha (C)hristie or Sherlock (H)olmes? % Correct
The Final Problem???
77.3%
The Sign of the Four???
75.5%
His Last Bow???
75.2%
Peril at End House???
74.8%
The Man with the Twisted Lip???
73.4%
The Labours of Hercules???
72.3%
The Five Orange Pips???
71.4%
Endless Night???
70.6%
A Case of Identity???
68.8%
The Valley of Fear???
68.1%
Crooked House???
68%
Silver Blaze???
63.2%
The Problem of Thor Bridge???
62.9%
The Disappearance of Lady Frances Carfax???
60.5%

You're not logged in!

Compare scores with friends on all Sporcle quizzes.
OR
Log In

From the Vault

30 Second Math

by TheCleverone

By the time you find your calculator, this quiz will be over.
Remove Ads.
Support Sporcle.
Get the best of Sporcle when you Go Orange. This ad-free experience offers more features, more stats, and more fun while also helping to support Sporcle. Thank you for becoming a member.

Show Comments

Extras

Top Quizzes Today


Score Distribution

Your Account Isn't Verified!

In order to create a playlist on Sporcle, you need to verify the email address you used during registration. Go to your Sporcle Settings to finish the process.

Report this User

Report this user for behavior that violates our Community Guidelines.

Details: